Εγκώμιο στην παρακμή των Ελλήνων του πνεύματος 5 : χριστουγεννιάτικο διήγημα = Encomium to the decline of the Greeks of the spirit : a christmas carol

Αποθηκεύτηκε σε:
Λεπτομέρειες βιβλιογραφικής εγγραφής
Κύριος συγγραφέας: Ροδίτης, Άντης, 1946-
Άλλοι συγγραφείς: Ιακωβίδης, Ανδρέας (Μεταφραστής)
Μορφή: Βιβλίο
Γλώσσα:Greek
English
Δημοσίευση: Λευκωσία : [χ.ό.], 2017.
Θέματα:
Ετικέτες: Προσθήκη ετικέτας
Δεν υπάρχουν, Καταχωρήστε ετικέτα πρώτοι!

MARC

LEADER 00000cam a2200000 a 4500
001 1/116865
008 180620s2017####cy | ||| |||| ||gre||
020 |a 9789963963164 
040 |a GR-MyUa  |b gre  |c GR-MyUa  |e AACR2 
041 1 |a gre  |a eng 
082 7 |a 889.34   |2 (23) 
100 1 |a Ροδίτης, Άντης,   |d 1946- 
245 1 0 |a Εγκώμιο στην παρακμή των Ελλήνων του πνεύματος 5 :   |b χριστουγεννιάτικο διήγημα = Encomium to the decline of the Greeks of the spirit : a christmas carol /   |c Άντης Ροδίτης.  
246 1 |i Παράλληλος τίτλος :   |a Enocomium to the decline of the Greeks of the spirit :   |b a christmas carol 
260 |a Λευκωσία :   |b [χ.ό.],   |c 2017.  
300 |a 38 σ. ;   |c 21 εκ.  
650 0 |a Greek literature, Modern  |x Essays. 
650 0 |a Greek literature, Modern  |z Cyprus. 
700 1 |a Ιακωβίδης, Ανδρέας,  |e trl 
852 |a INST  |b RHODES  |e 20180620  |h 889.34 ΡΟΔ  |p 005400040048  |q 005400040048  |t BK  |y 0 
970 |a Κωτάκου  |b Μαρία  |z 20-06-2018